000 00429nam a2200133Ia 4500
005 20260328104316.0
008 260328s9999||||xx |||||||||||||| ||und||
100 _aFederación de Cololegios Arquitectos de la Republica Mexicana
245 0 _aBienal Tercera Arquitectura Mexicana /
_cFederación de Cololegios Arquitectos de la Republica Mexicana
260 _bVitromex
300 _a105 p.
650 _aBIENALES
942 _cBK
999 _c11147
_d11147